onze de légende du TFC all-time - Statistiques

Statistiques générales
  • Ce quiz a été pris 170 fois
  • Le résultat moyen est 4 sur 12
Statistiques - réponses
Hint Réponse % Correct
AD ben yedder
87%
BU gignac
74%
MC sissoko
45%
AG elmander
42%
G revault
36%
DD aurier
30%
MC didot
30%
C dupraz
28%
DC abdennour
14%
DC congré
12%
DG mathieu
9%
MC braaten
2%
Aucun quiz correspondant
Distribution des résultats
% des personnes avec chaque résultat
Percentile par nombre de réponses
Votre historique - résultats
Vous n’avez pas pris ce quiz